000 01979nam a22002897a 4500
999 _c58544
_d58544
003 Ge_BSU
005 20220601113525.0
008 220601s2017 ge ||||| |||| 00| 0 geo d
020 _a9789941182839
041 _ageo
080 _a271/279(063) რ-39
245 _aრელიგია და თავისუფლება = Religion und Freiheit :
_bკონფერენციის მასალები /
_cილიას სახელმწ. უნ-ტი, სავლე წერეთლის ფილოსოფიის ინ-ტი ; თამარ ცოფურაშვილი (ედიტორი) ; მთარგმნელები: ეთერ ჩაჩანიძე, თამარ ცოფურაშვილი.
264 _aთბილისი :
_b ილიას სახელმწ. უნ-ტის გამ-ბა,
_c2017.
300 _a368 გვ. ;
_b20 სმ.
501 _aტექსტი ქართ. და გერმ. ენებზე.
504 _aბიბლიოგრ. ტექსტის შენიშვნებში.
653 _a ქრისტიანული ეკლესიები
653 _aკონფერენციები.
653 _a მართლმადიდებლური ეკლესია
653 _a ეკლესიის რეფორმა
700 _aშვეტცერი, ირმგარდ
_eავტორი
_913926
700 _aცოფურაშვილი, თამარ
_eავტორი, რედაქტორი, მთარგმნელი.
_911793
700 _aჩაჩანიძე, ეთერ
_eმთარგმნელი
_913927
710 _aილიას სახელმწ. უნივერსიტეტი.
_913928
710 _a სავლე წერეთლის ფილოსოფიის ინ-ტი.
_913929
942 _2udc
_cBK